[Event "Budapest Spring Festival 2018"]
[Site "Budapest"]
[Date "2018.04.22"]
[Round "5"]
[White "Akshat, Khamparia"]
[Black "Reshef, Omer"]
[Result "0-1"]
[WhiteElo "2396"]
[BlackElo "2482"]
[Annotator "TA"]
[PlyCount "78"]
[EventDate "2018.??.??"]
[EventType "swiss"]
[EventCountry "HUN"]
[SourceTitle "playchess.com"]
[Source "ChessBase"]
[SourceQuality "1"]

{[%evp 22,78,12,13,17,11,12,4,8,10,2,0,4,14,88,96,97,86,105,66,123,118,120,116,103,107,101,26,24,0,0,-16,0,-6,0,0,73,-169,-84,-89,-116,-259,-266,-512,-156,-147,-150,-150,-150,-316,-200,-287,-291,-476,-312,-260,-212,-1622,-1427]} 1. d4 d5 2. c4 c6 {[%cal Bc7c6,Bc6d5][%mdl 32]} 3. cxd5 cxd5 4. Nc3 Nf6 5. Bf4 Nc6 6. e3 Bf5 7. Qb3 Na5 8. Qa4+ {D10: Slav Defence: 3 cxd5 (without early Nf3) and 3 Nc3} Bd7 9. Qc2 (9. Bb5 e6 10. Nf3 a6 11. Bxd7+ Nxd7 12. Ne5 b5 13. Qd1 Nxe5 14. Bxe5 Nc4 15. Qe2 Nxe5 16. dxe5 Bb4 17. Rc1 {½-½ (65) Ni,H (2671)-Eljanov,P (2711) Riadh 2017}) 9... e6 10. Bd3 Rc8 11. Nf3 Be7 12. h3 {LiveBook: 56 Games} b5 {[#] ...b4 is the strong threat.} 13. a3 a6 14. O-O O-O 15. Ne5 Bc6 16. Rfc1 $146 Bb7 17. b3 Bxa3 (17... Ne4 $11 18. Qb2 f6) 18. Rxa3 $16 {aiming for Rca1.} b4 19. Ra4 ({Reject} 19. Rxa5 $6 Rxc3 20. Rc5 (20. Bxh7+ $2 Nxh7 21. Ra2 Rxc2 $19) 20... Rxc2 $11) 19... Rxc3 20. Qb2 Rxb3 ({Black should play} 20... Qc8 $14 21. Rxc3 bxc3) 21. Qa2 Ra3 22. Rxa3 bxa3 23. Qxa3 Nc4 24. Qb4 (24. Nxc4 $16 dxc4 25. Rxc4 (25. Bxc4 Qa8 $16)) 24... Qa8 $11 25. g4 a5 $36 {[%mdl 2048] Black has the initiative.} 26. Qe7 Nxe5 27. dxe5 Ne4 28. Rc7 Ba6 (28... Bc6 $1 $11) 29. Bc2 $2 {[#]} (29. Ra7 $16 {is forced if you want to stay better.} Bxd3 30. Rxa8 Rxa8 31. f3) 29... Be2 (29... Nd2 $1 $19 {Strongly threatening ...d4!} 30. Ba4 Qb8) 30. Kg2 $17 h6 31. Ba4 (31. Bxe4 $17 {was worth a try.} dxe4 32. g5) 31... g5 $19 32. Bh2 $2 (32. Bg3 {was necessary.}) 32... Qd8 $2 (32... Nd2 $19 {is more deadly.} 33. Kg1 Bf3) 33. Qxd8 $17 Rxd8 34. f3 Nd2 35. f4 $2 (35. Rc2 $17 Bxf3+ 36. Kf2) 35... Ne4 36. f5 (36. Bc2 $142) 36... Rb8 $19 37. Bg3 $2 (37. Bc2 {might work better.}) 37... Rb2 38. Rc8+ Kh7 39. f6 $2 (39. Rc2 Rb4 40. Bd7) 39... Bd1+ {Precision: White = 33%, Black = 44%.} 0-1

[Event "Budapest Spring Festival 2018"]
[Site "Budapest"]
[Date "2018.04.22"]
[Round "5"]
[White "Langrock, Hannes"]
[Black "Szabo, Marton Mihaly"]
[Result "0-1"]
[WhiteElo "2391"]
[BlackElo "2281"]
[Annotator "NA"]
[PlyCount "68"]
[EventDate "2018.??.??"]
[EventType "swiss"]
[EventCountry "HUN"]
[SourceTitle "playchess.com"]
[Source "ChessBase"]
[SourceQuality "1"]
[TimeControl "40/5400+30:1800+30"]

1. d4 {[%emt 0:00:54]} Nf6 {[%emt 0:00:40]} 2. Bf4 {[%emt 0:00:33]} d5 {[%emt 0:00:16]} 3. e3 {[%emt 0:00:14]} e6 {[%emt 0:00:56]} 4. Nd2 {[%emt 0:00:46]} c5 {[%emt 0:00:22]} 5. c3 {[%emt 0:00:05]} Nc6 {[%emt 0:00:38]} 6. Ngf3 {[%emt 0:00:19]} cxd4 {[%emt 0:00:08]} 7. exd4 {[%emt 0:01:01] D02: 1 d4 d5 2 Nf3 sidelines, including 2...Nf6 3 g3 and 2...Nf6 3 Bf4} Nh5 {[%emt 0:00:16]} 8. Be3 {[%emt 0:00:52]} Bd6 {[%emt 0:00:34]} 9. g3 {[%emt 0:02:38]} (9. Bd3 Nf4 10. Bxf4 Bxf4 11. O-O O-O 12. Re1 Bd7 13. Ne5 Nxe5 14. dxe5 g6 {1-0 (104) Vidit,S (2715)-Aronian,L (2805) Riadh 2017}) 9... O-O {[%emt 0:01:40]} 10. Bd3 {[%emt 0:05:12]} f5 {[%emt 0:03:34]} 11. Ne5 {[%emt 0:00:40]} Nf6 {[%emt 0:00:40]} 12. f4 {[%emt 0:03:25]} Bd7 {[%emt 0:00:58]} 13. O-O $146 {[%emt 0:09:22]} ({Predecessor:} 13. Nxd7 Qxd7 14. Be2 Na5 {0-1 (46) Nihal,S (2532)-Sorokin,A (2511) Moscow 2018}) 13... Be8 {[%emt 0:02:14]} 14. a4 {[%emt 0:01:19]} Rc8 {[%emt 0:07:10]} 15. h3 {[%emt 0:06:35]} Kh8 {[%emt 0:10:24]} 16. Rf2 {[%emt 0:02:51]} Rc7 {[%emt 0:13:23]} 17. a5 {[%emt 0:02:22]} a6 {[%emt 0:07:13]} 18. Qf1 {[%emt 0:06:48]} Ne4 {[%emt 0:03:57]} 19. Nxe4 {[%emt 0:05:01]} fxe4 {[%emt 0:01:08]} 20. Be2 {[%emt 0:05:24]} Ne7 {[%emt 0:01:25]} 21. g4 {[%emt 0:01:32]} Ng6 {[%emt 0:04:58]} 22. c4 {[%emt 0:07:04]} Bxe5 {[%emt 0:03:56]} 23. fxe5 {[%emt 0:03:49]} Rxf2 {[%emt 0:00:27]} 24. Qxf2 {[%emt 0:00:12]} Rf7 {[%emt 0:03:40]} 25. Qg3 {[%emt 0:06:55]} dxc4 {[%emt 0:02:04]} 26. Bxc4 {[%emt 0:11:05]} Rf3 $19 {[%emt 0:01:54]} 27. Qe1 {[%emt 0:00:04]} Nf4 {[%emt 0:02:44]} 28. Bf1 {[%emt 0:03:01]} Bb5 {[%emt 0:01:46]} 29. Bxb5 {[%emt 0:09:09]} Nxh3+ {[%emt 0:08:47]} 30. Kh2 {[%emt 0:00:04]} axb5 {[%emt 0:00:51]} 31. a6 {[%emt 0:00:02]} bxa6 {[%emt 0:04:53]} 32. Rxa6 {[%emt 0:00:03]} h6 {[%emt 0:00:40]} 33. Rxe6 {[%emt 0:03:50]} Qc8 {[%emt 0:00:47]} 34. d5 {[%emt 0:00:34]} Qc2+ {[%emt 0:00:41]} 0-1

[Event "Budapest Spring Festival 2018"]
[Site "Budapest"]
[Date "2018.04.22"]
[Round "5"]
[White "Beshukov, Sergei"]
[Black "Torma, Robert"]
[Result "1-0"]
[WhiteElo "2389"]
[BlackElo "2473"]
[Annotator "TA"]
[PlyCount "71"]
[EventDate "2018.??.??"]
[EventType "swiss"]
[EventCountry "HUN"]
[SourceTitle "playchess.com"]
[Source "ChessBase"]
[SourceQuality "1"]

{[%evp 18,71,30,31,35,27,27,28,29,29,29,24,29,17,29,25,27,29,46,17,21,23,17,14,29,15,103,106,127,127,125,126,123,125,167,157,168,157,152,149,138,136,189,186,170,168,502,492,476,447,508,484,632,678,6016,5206]} 1. e4 e6 2. d4 d5 3. Nd2 Be7 4. c3 c5 5. exd5 Qxd5 6. Ngf3 cxd4 7. Bc4 Qd8 8. Nxd4 Nf6 9. O-O O-O 10. N2f3 Qc7 {B22: Sicilian: 2 c3} 11. Qe2 Nc6 12. Bg5 Nxd4 {White has an edge.} 13. Nxd4 Bd7 14. Rad1 Rfe8 15. Rfe1 Rad8 16. Bb3 a6 17. Bh4 $146 ({Predecessor:} 17. Bc2 Bc8 18. Rd3 g6 19. Rf3 Nd5 20. Bxe7 Rxe7 21. Bb3 e5 22. Bxd5 Rxd5 23. Re3 b5 24. Nf3 {0-1 (54) Eckloff,C (2097)-Arakhamia Grant,K (2470) England 2010}) 17... Bc8 18. Bg3 Bd6 19. Bxd6 Rxd6 20. Qe5 {Black must now prevent Nb5.} Red8 21. Rd3 Ng4 {[#]} (21... h6 $11) 22. Qg5 $1 $16 {[%cal Rg5g4]} e5 {[#]} 23. Nf5 $1 {[%mdl 512]} Bxf5 24. Rxd6 Qxd6 25. Qxf5 Qd2 {[%cal Rd2e1]} 26. Qxf7+ ({Don't take} 26. Bxf7+ $6 Kh8 $11) 26... Kh8 {[%cal Rd2e1]} 27. Rf1 Qxb2 28. Qxb7 Qxc3 29. Qxa6 e4 (29... Nf6 $16 30. Qc4 Qxc4 31. Bxc4 g6) 30. Rd1 $18 {[%cal Rd1d8]} Re8 {Threatens to win with ...e3.} 31. h3 $40 {[%cal Bh2h3,Bh3g4][%mdl 160] White attacks with force.} e3 $2 (31... Nf6 {is tougher.} 32. Qc4 Qe5) 32. hxg4 {White is clearly winning.} exf2+ 33. Kh2 Qe1 34. Qf1 h5 35. Bf7 Re7 {...Qe5+ is the strong threat.} 36. Bg6 {Precision: White = 97%, Black = 41%.} 1-0

[Event "Budapest Spring Festival 2018"]
[Site "Budapest"]
[Date "2018.04.22"]
[Round "5"]
[White "Nestorovic, Lazar"]
[Black "Bohus, Adam"]
[Result "1-0"]
[WhiteElo "2382"]
[BlackElo "2277"]
[Annotator "TA"]
[PlyCount "119"]
[EventDate "2018.??.??"]
[EventType "swiss"]
[EventCountry "HUN"]
[SourceTitle "playchess.com"]
[Source "ChessBase"]
[SourceQuality "1"]

{[%evp 11,119,28,36,0,10,0,0,7,13,0,37,16,14,0,0,-34,-24,-14,-5,-7,-11,-4,-7,0,-1,-23,-20,-27,-12,-25,-29,-29,-13,0,10,-78,-31,-72,-79,-89,-83,-88,-23,-18,-15,-10,204,204,178,170,210,18,16,-28,17,19,40,32,35,33,30,48,47,38,153,134,539,141,126,92,110,119,95,66,83,80,89,74,90,112,109,82,88,33,101,62,63,66,63,61,675,133,5197,5197,5189,5173,5181,5166,5065,5072,5072,4943,4132,4132,2113,1737,1327,850,1586,1328]} 1. e4 e5 2. Nf3 Nc6 3. Bb5 {[%cal Bf1b5,Bb5a4,Ba4b3,Bb3d5][%mdl 32]} a6 4. Ba4 Nf6 5. d3 d6 6. c3 g6 {LiveBook: 882 Games} 7. Bb3 $146 {C77: Ruy Lopez: 3...a6 4 Ba4 Nf6, unusual lines} ({Predecessor:} 7. O-O Bg7 8. h3 O-O 9. Be3 Qe7 10. Nbd2 Nd8 11. Re1 Ne6 12. Ng5 Bd7 13. Bxd7 Nxd7 14. Nxe6 Qxe6 15. Qb3 Qxb3 16. axb3 f5 17. f3 Nf6 18. b4 Rfe8 19. Nb3 c6 20. g4 {½-½ (20) Alekseev,E (2616)-Ivanchuk,V (2726) Riadh 2017}) 7... Bg7 8. a4 O-O 9. O-O {The position is equal.} h6 10. Nbd2 Nd7 11. Qc2 Nc5 12. Bd5 Ne6 13. Nb3 Ne7 14. Bc4 c6 15. d4 d5 16. Be2 exd4 17. exd5 Nxd5 {[%cal Rd4c3]} 18. Nfxd4 Re8 19. Rd1 Qc7 20. Bf3 Nef4 21. Nc5 Qe7 {[#] ( -> ...Qe1+!)} 22. Ne4 c5 {[%cal Bc6c5,Bc5c4][%mdl 32]} 23. Nb3 (23. Ne2 $11 {remains equal.} Nxe2+ 24. Qxe2) 23... c4 24. Nbc5 Bf5 {White must now prevent ...Qxc5!} 25. Bxf4 Nxf4 26. Qd2 Nd3 (26... Bxe4 $17 27. Nxe4 Nd3) 27. Nxd3 $11 {[#] And now Ndc5 would win.} Rad8 28. Re1 Qd7 $2 (28... cxd3 $11 29. Re3 Qd7) 29. Nec5 $1 $18 {[%csl LRb7,LRd7]} Rxe1+ 30. Rxe1 Qc8 31. Nxb7 $2 (31. Bxb7 $18 Qb8 32. Bxa6 cxd3 33. Bxd3) 31... Rxd3 $11 32. Qe2 Kh7 33. Na5 {[%cal Bb7a5,Ba5c6,Bc6e5][%mdl 32]} Be6 34. Nc6 Qd7 35. Ne5 Bxe5 $1 36. Qxe5 Qxa4 37. h4 {[%cal Bh2h4,Bh4h5][%mdl 32]} Rd2 ({Black should play} 37... Qb5 $14) 38. h5 $36 {[%mdl 2048] White is in control.} Bf5 $2 {[%mdl 8192]} (38... Qd7 $16 {is more resistant.}) 39. Qf6 $2 (39. g4 $18 Qd7 40. gxf5 Qxf5 41. hxg6+ Qxg6+ 42. Kh1) 39... Qd7 40. Qxa6 Rxb2 41. Qxc4 Qa7 42. Qh4 {Threatens to win with Re7.} Qc5 43. hxg6+ Bxg6 44. c4 Rb4 45. Rc1 Kg7 46. Be2 Rb2 47. Bf1 (47. Bg4 $16) 47... Rd2 (47... Qd6 $1 $14) 48. Qf4 Qg5 49. Qxg5 hxg5 $14 {[%mdl 4096] Endgame KRB-KRB} 50. c5 Bd3 $2 {[%mdl 8192]} (50... Kf6 $14) 51. c6 $2 (51. Bxd3 $18 {and the rest is easy.} Rxd3 52. c6) 51... Bxf1 $2 {[%mdl 8192]} (51... Bf5 $16 52. Ba6 Ra2) 52. Kxf1 $16 {Strongly threatening c7. KR-KR. White is clearly winning.} Rd8 53. c7 Rc8 54. Ke2 Kf6 55. Kf3 Kf5 56. Rc5+ Ke6 57. Kg4 f6 58. Rc6+ Ke5 59. Kh5 Kf5 60. Kh6 {Precision: White = 47%, Black = 34%.} 1-0

[Event "Budapest Spring Festival 2018"]
[Site "Budapest"]
[Date "2018.04.22"]
[Round "5"]
[White "Szeberenyi, Adam"]
[Black "Astaneh Lopez, Alex"]
[Result "1-0"]
[WhiteElo "2366"]
[BlackElo "2442"]
[Annotator "TA"]
[PlyCount "119"]
[EventDate "2018.??.??"]
[EventType "swiss"]
[EventCountry "HUN"]
[SourceTitle "playchess.com"]
[Source "ChessBase"]
[SourceQuality "1"]

{[%evp 28,119,-8,-19,0,0,0,0,25,3,0,0,27,0,0,-19,-14,-21,-12,-10,-9,-10,0,0,0,0,0,0,0,-30,7,7,50,7,7,7,46,46,46,46,146,146,216,208,291,146,281,184,325,227,402,386,321,315,300,271,598,537,738,740,673,643,969,902,1079,1002,693,495,1664,1623,2268,1943,2293,2296,1485,1456,6822,6529,2507,463,2236,1592,29977,29978,29978,29979,29979,29979,29982,29983,29982,29984,29984,29982]} 1. d4 Nf6 2. c4 e6 3. Nf3 b6 4. g3 Ba6 5. Qa4 Bb7 6. Bg2 c5 7. O-O cxd4 8. Nxd4 Bxg2 9. Kxg2 Qc8 10. Nc3 Nc6 11. Nxc6 {E15: Queen's Indian: 4 g3 sidelines, 4 g3 Ba6 and 4 g3 Bb7 early deviations} Qxc6+ 12. Qxc6 dxc6 13. Rd1 Bb4 14. Bd2 O-O-O 15. a3 {LiveBook: 4 Games} Bc5 16. b4 Bd4 17. Be1 Ng4 18. Rac1 $146 ({Predecessor:} 18. h3 Ne5 {0-1 (41) Reich,T (2425)-Bayer,B (2359) Austria 2008}) 18... f5 19. h3 Nh6 20. e3 Bf6 21. Ne2 Rxd1 22. Rxd1 Rd8 23. Rxd8+ Kxd8 $11 {[%mdl 4096] Endgame KBN-KBN} 24. Bc3 Nf7 25. Bxf6+ gxf6 {KN-KN} 26. Nd4 Kd7 27. Nb3 Ne5 28. c5 b5 29. Na5 Nf7 30. h4 h5 31. Kf3 Nd8 32. e4 fxe4+ 33. Kxe4 Ke7 (33... Nf7 $1 $14) 34. f3 $16 Kf7 (34... Kd7 $16 35. g4 Ke8) 35. g4 $18 Kg6 36. Kf4 (36. Nb3 $1 $18) 36... Kh6 (36... Kf7 $16 37. Ke4 (37. gxh5 Kg7 $14) 37... Kg7) 37. Ke3 Kg6 (37... Kg7 $142 38. Nb3 (38. gxh5 Kh6 $14) 38... Kh7) 38. Ke4 Kh6 $2 (38... Kg7 {was necessary.} 39. Nb3 (39. gxh5 Kh6 $14) 39... Kf7) 39. Nb3 $1 Kg6 40. Nd4 a6 41. Ne2 hxg4 $2 (41... Kf7 {is more resistant.} 42. gxh5 Kg7) 42. fxg4 e5 43. Ng3 Ne6 44. Nf5 Kf7 {[#]} 45. g5 $1 {[%mdl 512]} Nf4 (45... fxg5 46. hxg5) 46. gxf6 Kxf6 {[#]} 47. Nd4 $1 {[%mdl 512]} Ng6 (47... Nd5 $142) (47... exd4 48. Kxf4) 48. Nxc6 Nxh4 {[#]} 49. Nb8 $1 {[%cal Rb8a6]} Ke6 50. Nxa6 Kd7 {[#]} 51. Kd5 $1 Ng2 52. c6+ Ke7 53. Nc7 (53. Kxe5 $142 Kd8 54. Kd6) 53... Ne3+ (53... e4 $142 54. Nxb5 e3) 54. Ke4 Nc4 55. Nxb5 {White mates.} Ke6 56. a4 {[%cal Ba3a4,Ba4a5][%mdl 32]} Nb6 57. a5 Nd5 58. c7 Nf6+ 59. Kd3 Kd7 60. Kc4 {Precision: White = 73%, Black = 18%.} 1-0

[Event "Budapest Spring Festival 2018"]
[Site "Budapest"]
[Date "2018.04.22"]
[Round "5"]
[White "Rudolf, Michal"]
[Black "Costachi, Mihnea"]
[Result "1/2-1/2"]
[WhiteElo "2349"]
[BlackElo "2462"]
[Annotator "TA"]
[PlyCount "85"]
[EventDate "2018.??.??"]
[EventType "swiss"]
[EventCountry "HUN"]
[SourceTitle "playchess.com"]
[Source "ChessBase"]
[SourceQuality "1"]

{[%evp 27,85,-23,-11,-22,-20,-26,0,0,0,0,0,0,6,0,22,22,22,10,11,15,20,25,39,17,22,16,21,11,19,0,35,29,38,37,30,35,27,0,0,0,0,0,0,0,0,0,0,0,0,0,0,0,0,0,0,0,0,0,0,0]} 1. e4 e5 2. Nf3 Nc6 3. Bc4 Bc5 4. c3 Nf6 5. d3 d6 6. O-O a6 7. Bb3 Ba7 8. Nbd2 h6 9. Re1 O-O 10. h3 Nh5 11. Nc4 Qf6 12. Ne3 Nf4 13. Nd5 {C54: Giuoco Piano: 4 c3 Nf6, main lines with 5 d4 and 5 d3} (13. Ng4 Bxg4 14. hxg4 Ne7 15. d4 Neg6 16. g3 Ne6 17. Be3 exd4 18. cxd4 c5 19. e5 dxe5 20. dxe5 Nxe5 21. Nxe5 Qxe5 22. Bxe6 fxe6 {½-½ (29) Anton Guijarro,D (2666)-Kovalev,V (2639) Riadh 2017}) 13... Nxd5 14. exd5 Ne7 {[%cal Bc6e7,Be7g6,Bg6f4][%mdl 32] LiveBook: 16 Games} 15. Be3 Bxe3 16. Rxe3 Ng6 17. d4 Bf5 18. dxe5 dxe5 19. Qd2 Rfe8 20. Rae1 Nf4 $146 21. Rxe5 Rxe5 22. Rxe5 Bxh3 $1 23. g3 Ng6 $1 24. Re3 $1 Bd7 25. Qe2 Bg4 26. Re8+ Rxe8 27. Qxe8+ Kh7 28. Nh2 Bf5 29. d6 Qxd6 30. Qxf7 {[%csl Gb3][%cal Rf7g8] [#]} Ne7 $1 31. Nf3 Bg6 32. Qe6 (32. Qf8 {NOTEXT} b5 33. Kh2 c5 34. Bg8+ Kh8 35. Nh4) 32... Qxe6 {The position is equal.} 33. Bxe6 $11 {[%mdl 4096] Endgame KBN-KBN} Be4 34. Ne5 g5 35. f3 Bc2 36. g4 Kg7 37. Nd7 b6 38. Kf2 Ng6 39. Ke3 Nf4 40. Bc4 a5 41. b3 h5 42. gxh5 Nxh5 43. Ne5 {Precision: White = 74%, Black = 77%.} 1/2-1/2

[Event "Budapest Spring Festival 2018"]
[Site "Budapest"]
[Date "2018.04.22"]
[Round "5"]
[White "Dankhazi, Andras"]
[Black "Tomazini, Zan"]
[Result "0-1"]
[WhiteElo "2300"]
[BlackElo "2424"]
[Annotator "TA"]
[PlyCount "92"]
[EventDate "2018.??.??"]
[EventType "swiss"]
[EventCountry "HUN"]
[SourceTitle "playchess.com"]
[Source "ChessBase"]
[SourceQuality "1"]

{[%evp 25,92,60,83,62,100,85,95,72,114,87,71,79,88,41,49,44,52,31,59,68,62,25,24,33,28,14,33,0,36,0,49,0,0,0,0,0,14,0,21,0,3,13,21,-55,-60,-60,-60,-84,-81,-109,-112,-176,-147,-143,-70,-393,-400,-406,-410,-391,-400,-358,-281,-353,-350,-348,-343,-483,-483]} 1. d4 Nf6 2. Nf3 g6 3. c4 Bg7 4. Nc3 O-O 5. e4 d6 6. Be2 Nbd7 7. O-O e5 8. Be3 Re8 9. d5 Nh5 10. g3 {E94: King's Indian: Classical: 6 Be2 e5 7 0-0: Various Black 7th moves} Bf8 11. Ne1 {[%cal Bf3e1,Be1d3,Bd3f2][%mdl 32]} Ng7 12. Nd3 f5 13. f3 Nf6 {LiveBook: 3 Games} (13... Be7 14. Qd2 Nf6 15. c5 fxe4 16. fxe4 Ng4 17. Bxg4 Bxg4 {½-½ (39) Postny,E (2606)-Vovk,A (2636) Fagernes 2017}) 14. b4 fxe4 15. fxe4 Bh3 16. Re1 Be7 $146 ({Predecessor:} 16... a5 17. a3 axb4 18. axb4 Rxa1 19. Qxa1 {0-1 (34) Reshetnikov,R (2178)-Nigmatov,O (2330) St Petersburg 2015}) 17. Nf2 Bd7 18. c5 Rf8 19. Bb5 h5 20. Bxd7 Qxd7 21. Rc1 Qd8 22. Rf1 Nh7 23. Nd3 {White wants to play Rxf8+.} Rxf1+ 24. Qxf1 Bg5 25. Qe2 h4 26. g4 Ne8 27. h3 Qe7 28. Qd2 a5 29. a3 axb4 30. axb4 Ra3 31. Nb5 Ra8 32. Rc2 Bxe3+ 33. Qxe3 Qg5 34. Qc1 (34. Qe1 $11) 34... Qxc1+ $15 35. Rxc1 Ng5 36. Nf2 Kf7 37. cxd6 cxd6 38. Kg2 (38. Kf1 $17 {is a better defense.}) 38... Ra4 39. Rc4 {[#]} Ra2 ({Black should play} 39... Kf6 $1 $17 40. Kf1 Ra1+ 41. Ke2 Ra2+ 42. Kf1 Rb2) 40. Nc7 $2 {[%mdl 8192] [#]} ({White has to play} 40. Kf1 $15) 40... Nxe4 $1 $19 {[%mdl 512]} 41. Nxe8 (41. Rxe4 Nxc7) 41... Rxf2+ 42. Kg1 Kxe8 43. Rxe4 {KR-KR} Rf3 44. Kg2 Rg3+ 45. Kh2 g5 46. b5 (46. Re1 {was called for.}) 46... Rb3 {Precision: White = 15%, Black = 66%.} 0-1

[Event "Budapest Spring Festival 2018"]
[Site "Budapest"]
[Date "2018.04.22"]
[Round "5"]
[White "Szieberth, Adam"]
[Black "Almasi, Istvan"]
[Result "1-0"]
[WhiteElo "2298"]
[BlackElo "2406"]
[Annotator "NA"]
[PlyCount "71"]
[EventDate "2018.??.??"]
[EventType "swiss"]
[EventCountry "HUN"]
[SourceTitle "playchess.com"]
[Source "ChessBase"]
[SourceQuality "1"]
[TimeControl "40/5400+30:1800+30"]

1. Nf3 {[%emt 0:00:06]} g6 {[%emt 0:01:32]} 2. e4 {[%emt 0:00:59]} Bg7 {[%emt 0:03:58]} 3. d4 {[%emt 0:01:14]} d6 {[%emt 0:00:15]} 4. h3 {[%emt 0:00:55]} Nf6 {[%emt 0:00:50]} 5. Nc3 {[%emt 0:00:46]} a6 {[%emt 0:00:58]} 6. Be3 {[%emt 0:05:30] B08: Pirc Defence: Classical System} b5 {[%emt 0:03:13]} (6... O-O 7. a4 Nc6 8. Be2 e6 9. O-O b6 10. d5 exd5 11. exd5 Ne7 12. Bc4 Bb7 13. Qd2 Nf5 14. Bf4 Qd7 15. Rfe1 Rfe8 16. Rxe8+ Rxe8 17. Re1 Rxe1+ 18. Qxe1 {½-½ (63) Caruana,F (2799)-Grischuk,A (2782) Saint Louis 2017}) 7. e5 {[%emt 0:05:26]} Nfd7 {[%emt 0:04:48]} 8. e6 {[%emt 0:17:45]} fxe6 {[%emt 0:04:50]} 9. Ng5 {[%emt 0:00:11]} Nf6 {[%emt 0:00:38]} 10. Bd3 $146 {[%emt 0:03:32]} ({Predecessor:} 10. Qf3 d5 11. Bd3 Nc6 12. Qg3 Nb4 13. O-O-O Nxd3+ 14. Rxd3 {0-1 (53) Tsenov,T (2141)-Hantak,A (2200) Brno 2010}) 10... d5 {[%emt 0:14:30]} 11. Ne2 {[%emt 0:06:59]} O-O {[%emt 0:06:06]} 12. Nf4 {[%emt 0:08:11]} Qd6 {[%emt 0:00:25]} 13. h4 {[%emt 0:04:33]} e5 {[%emt 0:06:27]} 14. dxe5 {[%emt 0:04:37]} Qxe5 {[%emt 0:00:03] [#]} 15. Nxh7 $1 {[%emt 0:08:12]} Nxh7 {[%emt 0:01:49]} 16. Nxg6 {[%emt 0:00:13]} Qe6 {[%emt 0:11:43]} 17. Qh5 {[%emt 0:10:20]} Nf6 {[%emt 0:00:30]} 18. Qg5 {[%emt 0:00:36]} Nc6 {[%emt 0:04:48]} 19. Nxf8 {[%emt 0:07:11]} Kxf8 {[%emt 0:00:08]} 20. h5 {[%emt 0:02:41]} d4 {[%emt 0:08:00]} 21. h6 $19 {[%emt 0:00:17]} Bh8 {[%emt 0:00:01]} 22. h7 {[%emt 0:00:26]} Ng4 {[%emt 0:01:45]} 23. Bf5 {[%emt 0:01:14]} Qd5 {[%emt 0:09:44]} 24. Qxg4 {[%emt 0:00:46]} dxe3 {[%emt 0:00:19]} 25. fxe3 {[%emt 0:00:12]} Bxf5 {[%emt 0:06:45]} 26. O-O {[%emt 0:02:00]} Nd4 {[%emt 0:03:19]} 27. exd4 {[%emt 0:02:35]} e6 {[%emt 0:00:15]} 28. c3 {[%emt 0:01:53]} Ke7 {[%emt 0:00:40]} 29. Qg3 {[%emt 0:01:18]} Rc8 {[%emt 0:01:57]} 30. Qg8 {[%emt 0:00:35]} Rf8 {[%emt 0:00:28]} 31. g4 {[%emt 0:01:15]} Bxd4+ {[%emt 0:00:49]} 32. cxd4 {[%emt 0:00:16]} Qxd4+ {[%emt 0:00:01]} 33. Rf2 {[%emt 0:00:21]} Qxf2+ {[%emt 0:00:12]} 34. Kxf2 {[%emt 0:00:07]} Bxh7+ {[%emt 0:00:03]} 35. Qxf8+ {[%emt 0:00:07]} Kxf8 {[%emt 0:00:02]} 36. Ke1 1-0